Minimum cost design of continuous prestressed concrete beams / (رقم التسجيلة. 35089)

تفاصيل مارك
000 -LEADER
fixed length control field 012670000a22003250004500
003 - CONTROL NUMBER IDENTIFIER
control field EG-GICUC
005 - DATE AND TIME OF LATEST TRANSACTION
control field 20250223030445.0
008 - FIXED-LENGTH DATA ELEMENTS--GENERAL INFORMATION
fixed length control field 061228s2003 ua d f m 000 0 eng d
040 ## - CATALOGING SOURCE
Original cataloging agency EG-GICUC
Language of cataloging eng
Transcribing agency EG-GICUC
041 0# - LANGUAGE CODE
Language code of text/sound track or separate title Eng
049 ## - LOCAL HOLDINGS (OCLC)
Holding library Deposite
097 ## - Thesis Degree
Thesis Level M.Sc
099 ## - LOCAL FREE-TEXT CALL NUMBER (OCLC)
Classification number Cai01.13.05.M.Sc.2003.Sh.M
100 0# - MAIN ENTRY--PERSONAL NAME
Personal name Sherin Fouad Abd El hamid Sharf Eldin
245 10 - TITLE STATEMENT
Title Minimum cost design of continuous prestressed concrete beams /
Statement of responsibility, etc. Sherin Fouad Abd El hamid Sharf Eldin ; Supervised Amir Bayoumy Ibrahim Khalil , Metwally Abd El Aziz Ahmed
246 15 - VARYING FORM OF TITLE
Title proper/short title التصميم الاقتصادى الامثل للكمرات الخرسانية المستمرة سابقة الاجهاد
260 ## - PUBLICATION, DISTRIBUTION, ETC.
Place of publication, distribution, etc. Cairo :
Name of publisher, distributor, etc. Sherin Fouad Abd El hamid Sharf Eldin ,
Date of publication, distribution, etc. 2003
300 ## - PHYSICAL DESCRIPTION
Extent 160P :
Other physical details charts ;
Dimensions 30cm
502 ## - DISSERTATION NOTE
Dissertation note Thesis (M.Sc.) - Cairo University - Faculty Of Engineering - Department Of Civil Engineering
530 ## - ADDITIONAL PHYSICAL FORM AVAILABLE NOTE
Additional physical form available note Issued also as CD
653 #4 - INDEX TERM--UNCONTROLLED
Uncontrolled term Design
653 #4 - INDEX TERM--UNCONTROLLED
Uncontrolled term Minim
653 #4 - INDEX TERM--UNCONTROLLED
Uncontrolled term Prestressed
700 0# - ADDED ENTRY--PERSONAL NAME
Personal name Amir Bayoumy Ibrahim Khalil ,
Relator term
700 0# - ADDED ENTRY--PERSONAL NAME
Personal name Metwally Abd El aziz Ahmed ,
Relator term
856 ## - ELECTRONIC LOCATION AND ACCESS
Uniform Resource Identifier <a href="http://172.23.153.220/th.pdf">http://172.23.153.220/th.pdf</a>
905 ## - LOCAL DATA ELEMENT E, LDE (RLIN)
Cataloger Aml
Reviser Cataloger
905 ## - LOCAL DATA ELEMENT E, LDE (RLIN)
Cataloger Esam
Reviser Revisor
942 ## - ADDED ENTRY ELEMENTS (KOHA)
Source of classification or shelving scheme Dewey Decimal Classification
Koha item type Thesis
المقتنيات
Source of classification or shelving scheme Not for loan Home library Current library Date acquired Full call number Barcode Date last seen Koha item type
Dewey Decimal Classification   المكتبة المركزبة الجديدة - جامعة القاهرة قاعة الرسائل الجامعية - الدور الاول 11.02.2024 Cai01.13.05.M.Sc.2003.Sh.M 01010110041840000 22.09.2023 Thesis
Dewey Decimal Classification   المكتبة المركزبة الجديدة - جامعة القاهرة مخـــزن الرســائل الجـــامعية - البدروم 11.02.2024 Cai01.13.05.M.Sc.2003.Sh.M 01020110041840000 22.09.2023 CD - Rom
Cairo University Libraries Portal Implemented & Customized by: Eng. M. Mohamady Contacts: new-lib@cl.cu.edu.eg | cnul@cl.cu.edu.eg
CUCL logo CNUL logo
© All rights reserved — Cairo University Libraries
CUCL logo
Implemented & Customized by: Eng. M. Mohamady Contact: new-lib@cl.cu.edu.eg © All rights reserved — New Central Library
CNUL logo
Implemented & Customized by: Eng. M. Mohamady Contact: cnul@cl.cu.edu.eg © All rights reserved — Cairo National University Library